| 000 | 00561nam a2200205 a 4500 | ||
|---|---|---|---|
| 001 | 000039719 | ||
| 003 | DO-SdBNP | ||
| 005 | 20230301085224.0 | ||
| 007 | ta | ||
| 008 | 130717s2003 xxua 000 0 spa d | ||
| 040 |
_aDO-SdBNP _bspa _cBNPHU |
||
| 082 |
_axxx _bD453 _222 |
||
| 245 | 0 | 0 |
_aDesfile de la hispanidad / _cepílogo Carlos Velásquez. |
| 260 |
_aNew York : _bG.A.L.O.S. Corporation, _c2003. |
||
| 300 |
_a223 p. : _bil. ; _c23 cm. |
||
| 590 | _aInventariado, 2023 / DG | ||
| 700 | 1 |
_aVelásquez, Carlos, _954276 |
|
| 910 | _aDG | ||
| 942 |
_2ddc _cLBS1 |
||
| 999 |
_c39209 _d39209 |
||